<?xml version="1.0" encoding="UTF-8"?><?xml-stylesheet type="text/xsl" href="static/style.xsl"?><OAI-PMH xmlns="http://www.openarchives.org/OAI/2.0/" xmlns:xsi="http://www.w3.org/2001/XMLSchema-instance" xsi:schemaLocation="http://www.openarchives.org/OAI/2.0/ http://www.openarchives.org/OAI/2.0/OAI-PMH.xsd"><responseDate>2026-04-27T20:20:48Z</responseDate><request verb="GetRecord" identifier="oai:uvadoc.uva.es:10324/20941" metadataPrefix="marc">https://uvadoc.uva.es/oai/request</request><GetRecord><record><header><identifier>oai:uvadoc.uva.es:10324/20941</identifier><datestamp>2021-06-29T16:23:56Z</datestamp><setSpec>com_10324_38</setSpec><setSpec>col_10324_852</setSpec></header><metadata><record xmlns="http://www.loc.gov/MARC21/slim" xmlns:doc="http://www.lyncode.com/xoai" xmlns:xsi="http://www.w3.org/2001/XMLSchema-instance" xmlns:dcterms="http://purl.org/dc/terms/" xsi:schemaLocation="http://www.loc.gov/MARC21/slim http://www.loc.gov/standards/marcxml/schema/MARC21slim.xsd">
<leader>00925njm 22002777a 4500</leader>
<datafield tag="042" ind1=" " ind2=" ">
<subfield code="a">dc</subfield>
</datafield>
<datafield tag="720" ind1=" " ind2=" ">
<subfield code="a">Encabo de la Cruz, Ángela</subfield>
<subfield code="e">author</subfield>
</datafield>
<datafield tag="260" ind1=" " ind2=" ">
<subfield code="c">2016</subfield>
</datafield>
<datafield tag="520" ind1=" " ind2=" ">
<subfield code="a">El presente trabajo de Fin de Grado,  que formará parte de una asignatura virtual del Departamento de Física Aplicada,  consiste en el desarrollo de una aplicación móvil para la resolución de circuitos de corriente continua formados por asociaciones de resistencias. &#xd;
La aplicación proporciona a los alumnos los fundamentos teóricos en los que se basa la resolución de circuitos, así como un cuestionario tipo test para autoevaluar esos conocimientos. Además, permite la creación de circuitos de diversos tamaños gracias a plantillas seleccionables y calcula la resistencia equivalente de los mismos de forma rápida y sencilla. &#xd;
La implementación se ha realizado para el sistema operativo Android y la aplicación está especialmente diseñada para asegurar la compatibilidad con dispositivos de diferentes características, bien sea smartphone o tablet, a partir de la versión 4.0.3.</subfield>
</datafield>
<datafield tag="024" ind2=" " ind1="8">
<subfield code="a">http://uvadoc.uva.es/handle/10324/20941</subfield>
</datafield>
<datafield ind1=" " ind2=" " tag="653">
<subfield code="a">[Pendiente de asignar]</subfield>
</datafield>
<datafield tag="245" ind1="0" ind2="0">
<subfield code="a">Aplicación móvil para el cálculo de resistencias equivalentes en una asignatura virtual de Física</subfield>
</datafield>
</record></metadata></record></GetRecord></OAI-PMH>